000
00284nam a22001097a 4500
008
170125b xxu||||| |||| 00| 0 eng d
020
_a
9781401810696
041
_a
eng
080
_2
2ND
_a
618.2
245
_a
DELMAR'S FUNDAMENTALS & ADVANCED NURSING SKILLS
_c
ALTMAN, G.B
942
_2
udc
_c
BK
999
_c
3647
_d
3647